000 00650nam a2200241Ia 4500
003 OSt
005 20220918182441.0
006 a|||||r|||| 00| 0
007 ta
008 220917b |||||||| |||| 00| 0 eng d
024 _a32,546
037 _cTextual
040 _aARTS
_cARTS
_beng
041 _2eng
_aeng
082 _aO-,3N24x, L1
100 _aLevine Norman
_960312
245 0 _aI don't want to know anyone too well and other stories
260 _aLondon
_bMacmillan
_c1971
300 _a160p.
_ccm.
650 _aENGLISH LITERATURE
942 _hO-,3N24x, L1
_cTEXL
_2CC
999 _c169008
_d169008